Statistics for Top Ranked Colleges in Indiana

Click here to take the quiz!

General Stats

  • This quiz has been taken 146 times
  • The average score is 8 of 18

Answer Stats

HintAnswer% Correct
#5Purdue University - West Lafayette
98%
#1University of Notre Dame
89%
#3Indiana University - Bloomington
82%
#17Indiana University - Purdue University Indianapolis
72%
#15Ball State University
69%
#18Indiana State University
65%
#11Butler University
63%
#12University of Evansville
57%
#8Valparaiso University
42%
#6Wabash College
40%
#2DePauw University
36%
#16Anderson University
28%
#4Earlham College
25%
#9Saint Mary's College
20%
#7Taylor University
19%
#10Hanover College
18%
#14Huntington University
15%
#13Goshen College
7%

Score Distribution

Percentile by Number Answered

Percent of People with Each Score

Your Score History

You have not taken this quiz